| 000 | 02074cam a22004934i 4500 | ||
|---|---|---|---|
| 003 | PE-LiUPU | ||
| 005 | 20250731173009.0 | ||
| 008 | 150616s r 000 0 d | ||
| 035 | _a(Sirsi) a2258 | ||
| 040 |
_aPE-LiUPU _bspa _cPE-LiUPU _erda |
||
| 049 | _aPRUA | ||
| 082 | 0 | 4 |
_b2 _221 |
| 100 | 1 |
_aGreen, Michael, _eautor. |
|
| 245 | 1 | 3 |
_aLa evangelización en la iglesia primitiva: 2. El evangelio y la conversión. _n2 / _cMichael Green. |
| 264 | 1 |
_aBuenos Aires : _bEdiciones Certeza, _c1976. |
|
| 300 |
_a144 páginas ; _c18 cm. |
||
| 336 |
_atext _2rdacontent |
||
| 337 |
_aunmediated _2rdamedia |
||
| 338 |
_avolume _2rdacarrier |
||
| 500 | _anotas. | ||
| 505 | 0 | _aEl evangelio -- La buena noticia -- La proclamación -- El testimonio -- La conversión -- La conversión cristiana -- La conversión mediante el Espíritu y la Palabra -- La conversión, el bautismo y la nueva vida -- La conversión hoy -- Algunos ejemplos de conversión. | |
| 526 | _aSEG42 | ||
| 526 | _aSEG41 | ||
| 526 | _aSEG40 | ||
| 526 | _aSEG39 | ||
| 526 | _aP94 | ||
| 526 | _aP87 | ||
| 526 | _aP86 | ||
| 526 | _aP85 | ||
| 526 | _aP77 | ||
| 526 | _aP76 | ||
| 526 | _aP35 | ||
| 650 | 0 | 4 | _aIglesia Primitiva. |
| 910 |
_ajck _bjvq _cjck |
||
| 942 |
_2ddc _cBOOK |
||
| 949 |
_a270.9 G81 2 _wDEWEY _c1 _i21114 _lCCODEBUL1 _mBUL _p00.00 _r0 _sY _tBOOK _u2015-04-23 _xBIBLIOTECA _zUNKNOWN _0COMPRA _o.STAFF. Colección General |
||
| 949 |
_a270.9 G81 2 _wDEWEY _c2 _i17916 _lCCODEBUL1 _mBUL _p00.00 _r0 _sY _tBOOK _u19800623 _xTEOLOGIA _zUNKNOWN _0COMPRA _o.STAFF. Colección General |
||
| 994 |
_aC0 _bPEPRU |
||
| 596 | _a1 | ||
| 999 |
_a270.9 G81 2 _wDEWEY _c23166 _i21114 _d23166 _f2021-11-11 _g5 _lCCODEBUL1 _mBUL _q1 _r0 _sY _tBOOK _u2015-4-23 _xTEOLOGIA _zUNKNOWN _0COMPRA _o.STAFF. Colección General |
||
| 999 |
_a270.9 G81 2 _wDEWEY _c2 _i17916 _d2018-5-15 _f2021-11-11 _g5 _lCCODEBUL1 _mBUL _q1 _r0 _sY _tBOOK _u2015-6-16 _xTEOLOGIA _zUNKNOWN _0COMPRA _o.STAFF. Colección General |
||
| 980 |
_81 _gALBERTO SANCHEZ Responsable de Automatización |
||